| 000 | 01869cam a22004574i 4500 | ||
|---|---|---|---|
| 003 | PE-LiUPU | ||
| 005 | 20250731173031.0 | ||
| 008 | 150623s r 000 0 d | ||
| 035 | _a(Sirsi) a23877 | ||
| 040 |
_aPE-LiUPU _bspa _cPE-LiUPU _erda |
||
| 100 | 1 |
_aPfandl, Gerhard, _eautor. |
|
| 245 | 1 | 4 |
_aThe time of the end in the book of Daniel / _cGerhard Pfandl. |
| 264 | 1 |
_aBerrien Spring, MI : _bAdventis Theological Society Publications, _c1992. |
|
| 300 |
_a360 páginas ; _c23 cm. |
||
| 336 |
_atext _2rdacontent |
||
| 337 |
_aunmediated _2rdamedia |
||
| 338 |
_avolume _2rdacarrier |
||
| 490 | 0 |
_aAdventist Theological Society. Dissertation series ; _v1 |
|
| 504 | _aIncluye bibliografía. | ||
| 505 | 0 | _aReview of literature. -"The later days" in ancient Near Eastern literature and in the Old Testament. -The expression "the tine of the end". | |
| 526 | _aSEG42 | ||
| 526 | _aSEG41 | ||
| 526 | _aSEG40 | ||
| 526 | _aSEG39 | ||
| 526 | _aP94 | ||
| 526 | _aP87 | ||
| 526 | _aP86 | ||
| 526 | _aP85 | ||
| 526 | _aP77 | ||
| 526 | _aP76 | ||
| 526 | _aP35 | ||
| 630 |
_aBiblia. _pA.T. _pDaniel _xComentarios. |
||
| 942 |
_2ddc _cBOOK |
||
| 949 |
_a224.5077 P49 _wDEWEY _c1 _i48138 _lCCODEBUL1 _mBUL _p00.00 _r0 _sY _tBOOK _u2015-06-24 _xBIBLIOTECA _zUNKNOWN _0COMPRA _o.STAFF. Colección General |
||
| 949 |
_a224.5077 P49 _wDEWEY _c2 _i50773 _lCCODEBUL1 _mBUL _p00.00 _r0 _sY _tBOOK _u2015-06-24 _xTEOLOGIA _PP35 _0COMPRA _o.STAFF. Colección General |
||
| 596 | _a1 | ||
| 999 |
_a224.5077 P49 _wDEWEY _c25111 _i48138 _f2021-11-9 _g5 _lCCODEBUL1 _mBUL _r0 _sY _tBOOK _u2015-6-24 _xTEOLOGIA _zUNKNOWN _0COMPRA _o.STAFF. Colección General _d25111 |
||
| 999 |
_a224.5077 P49 _wDEWEY _c2 _i50773 _f2021-11-9 _g5 _lCCODEBUL1 _mBUL _r0 _sY _tBOOK _u2015-6-24 _xTEOLOGIA _PP35 _0COMPRA _o.STAFF. Colección General |
||
| 980 |
_81 _gALBERTO SANCHEZ Responsable de Automatización |
||